Windup in Control : Its Effects and Their Prevention

Na minha lista:
Detalhes bibliográficos
Autor principal: Hippe, Peter (Author)
Formato: Livro
Idioma:inglês
Publicado em: London : Springer Verlag, 2006
Assuntos:
Tags: Adicionar Tag
Sem tags, seja o primeiro a adicionar uma tag!

MARC

LEADER 00000nam a22000003a 4500
001 stu119380
005 20150617225857.5
008 060530s2006----uk------------------eng-d
020 |a 1-84628-3221 
040 |a STU  |b slo 
041 0 |a eng 
044 |a uk 
080 |a 658.5 
080 |a 519.71  |7 stu_us_auth*stu8254 
084 |a C1310  |2 INS 
100 1 |a Hippe, Peter  |4 aut 
245 1 |a Windup in Control :  |b Its Effects and Their Prevention 
260 |a London :  |b Springer Verlag,  |c 2006 
300 |a 314 s 
650 7 |a kontrolné systémy  |2 stusub 
650 7 |a ASR  |2 stusub 
650 7 |a automatizované systémy riadenia  |2 stusub 
996 |b 284EK86318  |c E*86318  |l EE30  |s P  |a 0  |w stu119380_0001